[Event "Lippe Cup-B 07th"]
[Site "Lieme"]
[Date "2010.10.16"]
[Round "3"]
[White "Huber, Helmut"]
[Black "Jost, Jan Timo"]
[Result "0-1"]
[WhiteElo "1506"]
[BlackElo "1299"]
[PlyCount "66"]
[EventDate "2010.10.15"]
[EventType "swiss"]
[EventRounds "5"]
[EventCountry "GER"]
[SourceTitle "EXT 2012"]
[Source "ChessBase"]
[SourceDate "2011.11.24"]
[SourceVersion "1"]
[SourceVersionDate "2011.11.24"]
[SourceQuality "1"]

1. Nf3 d5 2. d4 Nf6 3. Bg5 e6 4. Nbd2 Be7 5. c4 Nbd7 6. e3 h6 7. Bf4 c5 8. Bd3 dxc4 9. Nxc4 0-0 10. 0-0 cxd4 11. exd4 Nb6 12. Rc1 Nxc4 13. Bxc4 Nd5 14. Be5 Bf6 15. Qb3 Bxe5 16. dxe5 b6 17. Rfd1 Bb7 18. Rd4 Qe7 19. Rcd1 Rfc8 20. Rg4 Qc5 21. h3 Rc7 22. Rdd4 Rac8 23. a3 a6 24. Qd3 b5 25. Bxd5 Bxd5 26. Kh2 Qc2 27. Qe3 Kf8 28. Nh4 Rc4 29. Rdf4 Rxf4 30. Rxf4 Rc4 31. Ng6+ Qxg6 32. g4 Rxf4 33. Qxf4 Qe4 0-1